<?xml version="1.0" encoding="UTF-8"?>
<record
    xmlns:xsi="http://www.w3.org/2001/XMLSchema-instance"
    xsi:schemaLocation="http://www.loc.gov/MARC21/slim http://www.loc.gov/standards/marcxml/schema/MARC21slim.xsd"
    xmlns="http://www.loc.gov/MARC21/slim">

  <leader>00488nam a22001457a 4500</leader>
  <controlfield tag="008">220802b        |||||||| |||| 00| 0 eng d</controlfield>
  <datafield tag="020" ind1=" " ind2=" ">
    <subfield code="a">1433530326</subfield>
  </datafield>
  <datafield tag="050" ind1=" " ind2=" ">
    <subfield code="a">BV6</subfield>
    <subfield code="b">.M34 2014 </subfield>
  </datafield>
  <datafield tag="100" ind1=" " ind2=" ">
    <subfield code="a">McGowan, Andrew B. </subfield>
  </datafield>
  <datafield tag="245" ind1=" " ind2=" ">
    <subfield code="a">Ancient Christian Worship:</subfield>
    <subfield code="b">early church practies in social, historical, and theological perspective/</subfield>
    <subfield code="c">Andrew B. McGowan</subfield>
  </datafield>
  <datafield tag="260" ind1=" " ind2=" ">
    <subfield code="a">Michigan </subfield>
    <subfield code="b">Baker Academic</subfield>
    <subfield code="c">2014</subfield>
  </datafield>
  <datafield tag="300" ind1=" " ind2=" ">
    <subfield code="a">xiv, 298p.</subfield>
  </datafield>
  <datafield tag="650" ind1=" " ind2=" ">
    <subfield code="a">Worship </subfield>
    <subfield code="v">history </subfield>
    <subfield code="x">early church</subfield>
  </datafield>
  <datafield tag="942" ind1=" " ind2=" ">
    <subfield code="2">lcc</subfield>
    <subfield code="c">BK</subfield>
  </datafield>
  <datafield tag="999" ind1=" " ind2=" ">
    <subfield code="c">19426</subfield>
    <subfield code="d">19425</subfield>
  </datafield>
  <datafield tag="952" ind1=" " ind2=" ">
    <subfield code="0">0</subfield>
    <subfield code="1">0</subfield>
    <subfield code="2">lcc</subfield>
    <subfield code="7">0</subfield>
    <subfield code="a">KABU</subfield>
    <subfield code="b">KABU</subfield>
    <subfield code="d">2022-08-02</subfield>
    <subfield code="g">3131.00</subfield>
    <subfield code="l">0</subfield>
    <subfield code="o">BV6 .M34 2014 c.1</subfield>
    <subfield code="p">032265</subfield>
    <subfield code="r">2024-08-02 00:00:00</subfield>
    <subfield code="w">2022-08-02</subfield>
    <subfield code="y">BK</subfield>
  </datafield>
</record>
